The Oxford handbook of the history of physics /
Uložené v:
| Ďalší autori: | , |
|---|---|
| Médium: | Kniha |
| Jazyk: | English |
| Vydané: |
Oxford :
Oxford University Press,
2013.
|
| Vydanie: | 1st edition |
| Témy: | |
| ISBN: |
9780199696253 (viaz.) |
| Fyzický popis: |
ix, 945 s. : fotogr., il. ; 25 cm. |
| Tagy: |
Pridať tag
Žiadne tagy, Buďte prvý kto otaguje tento záznam!
|
Titul je dostupný aj v ... 

MARC
| LEADER | 00000nam a22000004a 4500 | ||
|---|---|---|---|
| 001 | 000459798 | ||
| 005 | 20150625084646.0 | ||
| 008 | 140617s2013 xxkao e 001 0 eng d | ||
| 020 | |a 9780199696253 (viaz.) | ||
| 040 | |a SVKKK |b slo |c SVKKK |e AACR2 | ||
| 041 | 0 | |a eng | |
| 044 | |a xxk |c GB | ||
| 072 | 7 | |a 53 |x Fyzika |2 konspekt | |
| 080 | |a 53(091) |2 2001 | ||
| 080 | |a 001(091) |2 2001 | ||
| 080 | |a (082) |2 2001 | ||
| 245 | 0 | 4 | |a The Oxford handbook of the history of physics / |c edited by Jed Z. Buchwald and Robert Fox. |
| 246 | 3 | 3 | |a History of physics |
| 250 | |a 1st edition | ||
| 260 | |a Oxford : |b Oxford University Press, |c 2013. | ||
| 300 | |a ix, 945 s. : |b fotogr., il. ; |c 25 cm. | ||
| 500 | |a Poznámky | ||
| 504 | |a Bibl. odkazy; menný register: s. [923]-935; predmetový register: s. [936]-945 | ||
| 650 | 0 | 7 | |a fyzika |2 SVKKKPH |
| 650 | 0 | 7 | |a dejiny fyziky |2 SVKKKPH |
| 650 | 0 | 7 | |a dejiny vedy |2 SVKKKPH |
| 655 | 7 | |a monografie |2 SVKKKPH | |
| 700 | 1 | |a Buchwald, Jed Zachary |4 edt | |
| 700 | 1 | |a Fox, Robert, |d 1938- |4 edt | |
| 910 | |a svkkk | ||
| 919 | |a 978-0-19-969625-3 | ||
| 998 | |a BK | ||
| 090 | |g SCKHL |k Sklad Hlavná 10 prízemie |a IV.223001 |j 1061670 |i 2720326835 |s Absenčne | ||